Air Force JROTC Ranks - Statistics

General Stats
  • This quiz has been taken 145 times
  • The average score is 13 of 15
Answer Stats
Paygrade Rank % Correct
C/E-2 Cadet Airman
100%
C/E-1 Cadet Airman Basic
92%
C/E-3 Cadet Airman First Class
89%
C/E-9 Cadet Chief Master Sergeant
86%
C/E-7 Cadet Master Sergeant
86%
C/E-4 Cadet Senior Airman
86%
C/O-3 Cadet Captain
83%
C/O-6 Cadet Colonel
83%
C/O-4 Cadet Major
83%
C/E-5 Cadet Staff Sergeant
83%
C/E-6 Cadet Technical Sergeant
83%
C/O-2 Cadet First Lieutenant
78%
C/O-5 Cadet Lieutenant Colonel
78%
C/O-1 Cadet Second Lieutenant
78%
C/E-8 Cadet Senior Master Sergeant
78%
No matching quizzes found
Score Distribution
Percent of People with Each Score
Percentile by Number Answered
Your Score History
You have not taken this quiz